000 00699nam a22002297a 4500
001 BD-DhSAU 2084
003 BD-DhSAU
005 20150126115456.0
008 150126b2007 ii a||||r|||| 001 0 eng d
020 _a8189422626
040 _aBD-DhSAU
082 _222
_a634.9
_bAGR
245 _aAgroforestry :
_bsystems and practices /
_cEdited by Sunil Puri and Pankaj Panwar.
260 _aNew Delhi :
_bNew India Publishing Agency ,
_cc2007.
300 _axiii, 643 p. :
_bill. ;
_c25 cm.
504 _aInclude bibliographical references and index.
590 _ajoy
650 _aForestry.
650 _aAgroforestry.
_xSystems and practices.
700 _aPuri, Sunil.
700 _aPanwar, Pankaj.
942 _2ddc
_cBOOK
999 _c2084
_d2084